000 01133nam a22002295i 4500
001 154834
003 ES-MaACL
005 20230906205854.0
008 970416s1866 sp |||| | spa d
080 _a330.8(460)"18"
080 _a338.2(460)"18"
100 1 _aGüell y Ferrer, Juan (
_d1800-1872)
_9127737
245 1 0 _aCausas económico-administrativas de los males actuales de España distintas de las que espone [sic] el Círculo de la Unión Mercantil de Madrid, y justificación de la balanza de comercio /
_cpor D. Juan Güell y Ferrer, senador del Reino.
260 _aBarcelona :
_b[s.n.],
_c1866 (
_fEstab. tip. de Narciso Ramírez y Comp.ª)
300 _a102 p. ;
_c25 cm.
530 _aDisponible en formato digital.
650 4 _aEconomía-
_zEspaña-
_yS.XIX.
_9147869
651 4 _aEspaña-
_xPolítica económica-
_yS.XIX.
_9147870
710 2 _aCírculo de la Unión Mercantil (Madrid)
_9134324
852 4 _aES-MaACL
_jT-67-F-11
_z- Enc. hol., falto de cub. original
_z- Enc. en un vol. facticio
856 4 _uhttps://repositorio.bde.es/handle/123456789/4343
_zRepositorio Institucional del Banco de España
999 _c154834
_d154834